[Event "54th Ilmar Raud Memorial"]
[Site "Viljandi"]
[Date "2020.07.11"]
[Round "8.19"]
[White "Narva, Triin"]
[Black "Olde, Karl Erik"]
[Result "1/2-1/2"]
[WhiteElo "2107"]
[BlackElo "1751"]
[PlyCount "97"]
[EventDate "2020.??.??"]

1. e4 c5 2. Nc3 Nc6 3. g3 g6 4. Bg2 Bg7 5. d3 d6 6. Nge2 e6 7. O-O Nge7 8. Be3
O-O 9. Qd2 Rb8 10. a4 a6 11. Bh6 b5 12. Bxg7 Kxg7 13. axb5 axb5 14. Nd1 b4 15.
Ne3 f5 16. exf5 exf5 (16... gxf5) 17. h4 Bb7 18. Nf4 Qd7 19. Nc4 (19. c3) 19...
Rf6 20. c3 (20. Rfe1 Nd4 21. c3 Nb3 22. Qe2 Bxg2 23. Qxe7+ Rf7 (23... Qxe7 24.
Rxe7+ Kf8 25. Raa7) 24. Qxd7 Rxd7 25. Kxg2) 20... Ne5 21. Rae1 Bxg2 22. Kxg2
N7c6 23. Ne3 Re8 24. d4 cxd4 25. cxd4 Ng4 26. Ned5 (26. d5 Nce5 27. Ne6+ Kg8
28. Nxg4 fxg4 29. Re4) 26... Rf7 27. f3 Nf6 28. Nxb4 (28. Nxf6 Rxf6 29. Rxe8
Qxe8 30. d5 Ne5 31. Qxb4) 28... Rb8 29. Nxc6 Qxc6 30. d5 Qb5 31. Rf2 Rfb7 32.
Qd4 (32. Re6 Qxb2 33. Qe1 Qa3 34. Re7+ Kh8 35. Rfe2 Rxe7 36. Rxe7 Rb2+ 37. Kh3
Qxf3 38. Re8+ Nxe8 39. Qxe8+ Kg7 40. Ne6+ Kh6 41. Qf8+ Kh5 42. Ng7+ Kh6 43.
Nxf5+ Kh5 44. Qh6#) 32... Qb4 33. Qxb4 Rxb4 34. Re7+ Kf8 35. Re6 Ne8 36. Rfe2
R4b6 37. Re7 Ng7 38. Rd7 Rxb2 39. Rxd6 Rxe2+ 40. Nxe2 Rb2 41. Kf1 Ne8 42. Rc6
Ke7 43. Nf4 Rb5 44. Ra6 (44. h5 g5 45. Nh3) 44... Nf6 45. Re6+ Kf7 46. d6 Rb7
47. Re2 Rd7 48. Ne6 h6 49. Nf4 1/2-1/2

[Event "54th Ilmar Raud Memorial"]
[Site "Viljandi"]
[Date "2020.07.11"]
[Round "8.20"]
[White "Vingris, Mikelis"]
[Black "Uibokant, Mathias Robert"]
[Result "1/2-1/2"]
[WhiteElo "1641"]
[BlackElo "2050"]
[PlyCount "87"]
[EventDate "2020.??.??"]

1. d4 e6 2. c4 Nf6 3. Nf3 b6 4. g3 Bb7 5. Bg2 Bb4+ 6. Bd2 Qe7 7. O-O Bxd2 8.
Qxd2 O-O 9. Nc3 d6 10. Rfc1 Nbd7 11. b4 a6 12. Rab1 Rfd8 13. Qe3 Rab8 14. Rb2
h6 15. Rcb1 e5 16. h3 Re8 17. Rd1 g5 18. dxe5 Bxf3 19. exf3 Nxe5 20. Re2 Qd8
21. Qd4 Ned7 22. Rde1 Rxe2 23. Rxe2 Nf8 24. Nd5 Nxd5 25. cxd5 Qd7 26. Qe4 Ng6
27. Kh2 Kf8 28. Bf1 a5 29. bxa5 bxa5 30. Rc2 Re8 31. Qd4 Re1 32. Bg2 a4 33. Rc6
Ne5 34. Ra6 Qf5 35. Ra8+ Ke7 36. Qc3 Rb1 37. Qxc7+ Qd7 38. Qxd7+ Nxd7 39. Rxa4
Nc5 40. Ra3 Rb2 41. Kg1 Rb1+ 42. Kh2 Rb2 43. Kg1 Rb1+ 44. Kh2 1/2-1/2

[Event "54th Ilmar Raud Memorial"]
[Site "Viljandi"]
[Date "2020.07.11"]
[Round "8.21"]
[White "Pedmanson, Albert"]
[Black "Olde, Grete"]
[Result "1-0"]
[WhiteElo "1786"]
[BlackElo "2046"]
[PlyCount "65"]
[EventDate "2020.??.??"]

1. e4 e5 2. Nf3 Nc6 3. Bc4 Bc5 4. c3 Nf6 5. d4 exd4 6. e5 d5 7. Bb5 Ne4 8. cxd4
Bb6 9. Be3 O-O 10. Nc3 Ne7 11. Bd3 f5 12. exf6 Nxf6 13. Qc2 c6 (13... Nc6 14.
a3 Bg4) 14. h3 Ba5 15. g4 b5 (15... Ne4 16. Bxe4 dxe4 17. Qxe4 Nd5 18. Rc1 Re8
(18... Nf6 19. Qd3 Qd5 20. Ke2 Bxc3 21. bxc3 Nxg4 22. hxg4 Qxf3+ 23. Kd2 g6 24.
g5) 19. Ne5) 16. O-O-O Bxc3 17. Qxc3 c5 (17... Ne4 18. Qb3 Rxf3 19. Bxe4 Rf7
20. Bb1 Ng6) 18. dxc5 Nc6 19. Nd4 Nxd4 20. Bxd4 Rb8 21. Kb1 g6 22. c6 Ne8 23.
Qc2 Qc7 24. Rhe1 Ng7 25. Be5 Qb6 26. Bxb8 Qxb8 27. Qc5 Be6 28. c7 Qb7 29. Bxb5
Rc8 30. Rc1 h5 31. Qd6 Qxb5 32. Rxe6 Qb7 33. Rxg6 1-0

[Event "54th Ilmar Raud Memorial"]
[Site "Viljandi"]
[Date "2020.07.11"]
[Round "8.22"]
[White "Andrijashkin, Deniss"]
[Black "Tsõganova, Monika"]
[Result "1/2-1/2"]
[WhiteElo "1861"]
[BlackElo "2029"]
[PlyCount "50"]
[EventDate "2020.??.??"]

1. e4 c6 2. Nf3 d5 3. exd5 cxd5 4. Ne5 a6 5. d4 Bf5 6. Qf3 Bg6 7. Bd3 Nf6 8.
Nxg6 hxg6 9. O-O Nc6 10. c3 e6 11. Re1 Be7 12. Nd2 Qc7 13. Nf1 O-O-O 14. Bf4
Bd6 15. Bxd6 Qxd6 16. Qg3 Qxg3 17. Nxg3 Ne7 18. Nf1 Nf5 19. Nd2 Nd6 20. Nf3 Rh5
21. h3 g5 22. Ne5 Rh4 23. Nf3 Rh5 24. Ne5 Rh4 25. Nf3 Rh5 1/2-1/2

[Event "54th Ilmar Raud Memorial"]
[Site "Viljandi"]
[Date "2020.07.11"]
[Round "8.23"]
[White "Mierins, Emils Janis"]
[Black "Obolonin, Filipp"]
[Result "0-1"]
[WhiteElo "1750"]
[BlackElo "1922"]
[PlyCount "66"]
[EventDate "2020.??.??"]

1. e4 c6 2. d4 d5 3. exd5 cxd5 4. Bd3 Nc6 5. c3 Nf6 6. Bf4 g6 7. Nd2 Bg7 8.
Ngf3 O-O 9. O-O Bg4 10. h3 Bxf3 11. Nxf3 Rc8 12. Qb3 Qd7 13. Rfe1 e6 14. a4 a5
15. Qb5 Ne8 16. Ra3 Nd6 17. Qb6 Ra8 18. Bb5 Rfd8 19. Ne5 Bxe5 20. dxe5 Nc8 21.
Qe3 N8e7 22. g4 d4 23. Qc1 dxc3 24. Rxc3 Qe8 25. Bg5 Qf8 26. Bxc6 bxc6 27. Rc5
Rdb8 28. Bh6 Qd8 29. Rd1 Nd5 30. Rxc6 Qe7 31. Bg5 Qb4 32. Bf6 Nf4 33. Qe3 h6
0-1

[Event "54th Ilmar Raud Memorial"]
[Site "Viljandi"]
[Date "2020.07.11"]
[Round "8.24"]
[White "Staub, Madis"]
[Black "Tolmacevs, Artjoms"]
[Result "0-1"]
[WhiteElo "1715"]
[BlackElo "1644"]
[PlyCount "72"]
[EventDate "2020.??.??"]

1. e4 c5 2. Nf3 d6 3. d4 cxd4 4. Nxd4 Nf6 5. Nc3 a6 6. Bd3 e5 7. Nb3 Be6 8. O-O
Be7 9. Kh1 O-O 10. f4 Nc6 11. f5 Bc8 12. Nd5 Nxd5 13. exd5 Nb8 14. c4 Nd7 15.
Nd2 Nc5 16. Bc2 b5 17. b3 Bf6 18. Ne4 Nxe4 19. Bxe4 Bb7 20. cxb5 axb5 21. a3
Qe7 22. b4 Rfc8 23. Ra2 Rc4 24. Bd3 Bxd5 25. Rd2 Rd4 26. Bb2 Rxd3 27. Rxd3 Bc4
28. Re1 Bxd3 29. Qxd3 Rb8 30. Rd1 Qc7 31. Qd5 h6 32. g4 Qc2 33. Rd2 Qb1+ 34.
Kg2 Rc8 35. Qxb5 Qe4+ 36. Kh3 Qf3# 0-1

[Event "54th Ilmar Raud Memorial"]
[Site "Viljandi"]
[Date "2020.07.12"]
[Round "9.7"]
[White "Volodin, Aleksandr"]
[Black "Nyysti, Sampsa"]
[Result "1-0"]
[WhiteElo "2497"]
[BlackElo "2338"]
[PlyCount "89"]
[EventDate "2020.??.??"]

1. d4 Nf6 2. c4 e6 3. Nf3 Bb4+ 4. Bd2 Qe7 5. g3 Nc6 6. Nc3 Bxc3 7. Bxc3 Ne4 8.
Rc1 O-O 9. Bg2 d6 10. O-O Nxc3 11. Rxc3 e5 12. e3 a5 13. Qb3 a4 14. Qa3 Bd7 15.
dxe5 Nxe5 16. Nxe5 Qxe5 17. Bxb7 Rab8 18. Bd5 c6 19. Bg2 c5 20. Rfc1 Rb4 21. b3
Rfb8 22. Rd3 g6 23. e4 R8b6 24. f4 Qe7 25. Qb2 axb3 26. axb3 Ba4 27. Rcc3 Qf6
28. Qc2 Bc6 29. Qd2 Bb7 30. h4 h5 31. Kh2 Kg7 32. Re3 Ra6 33. Rcd3 Rbb6 34. Re1
Bc8 35. Qf2 Ra3 36. Qc2 Rba6 37. Rd2 Bg4 38. Rf1 Rb6 39. e5 dxe5 40. fxe5 Qe6 (
40... Qxe5 41. Rd5 Qe2 42. Qc3+ f6 43. Re1 Raxb3 44. Qc1 Rb1) 41. Bd5 Qxe5 42.
Rxf7+ Kh6 43. Rd3 Ra1 44. Qd2+ g5 45. Be4 1-0

[Event "54th Ilmar Raud Memorial"]
[Site "Viljandi"]
[Date "2020.07.12"]
[Round "9.8"]
[White "Pedmanson, Herman"]
[Black "Sakalauskas, Vaidas"]
[Result "0-1"]
[WhiteElo "1767"]
[BlackElo "2335"]
[PlyCount "96"]
[EventDate "2020.??.??"]

1. e4 Nf6 2. e5 Nd5 3. c4 Nb6 4. d4 d6 5. f4 dxe5 6. fxe5 Nc6 7. Nf3 Bg4 8. Be3
Bxf3 9. gxf3 e6 10. Qd2 Qh4+ 11. Bf2 Qh5 12. Qf4 O-O-O 13. Nc3 f6 14. exf6 gxf6
15. Qxf6 Be7 16. Qxe6+ Kb8 17. Be2 Bb4 18. c5 Nd5 19. Kf1 Bxc3 20. f4 Qe8 (
20... Nxd4 21. Bxd4 (21. Bxh5 Nxe6 22. bxc3 Nexf4 23. Bf3 Nxc3) 21... Qh4 22.
bxc3 (22. Bxh8 Qxf4+) 22... Qxf4+ 23. Ke1 Rhe8) 21. Qxe8 Rhxe8 22. bxc3 Nxc3
23. Bc4 Nxd4 24. Re1 Rf8 25. Kg2 Nd5 26. Bxd5 Rxd5 27. Re5 Rxe5 28. fxe5 Ne6
29. Rd1 Kc8 30. Bh4 Nxc5 31. Be7 Rg8+ 32. Kf3 Ne6 33. Ke4 Re8 (33... Rg7 34.
Bf6 Rg4+ 35. Kf5 Rd4 36. Rxd4 Nxd4+ 37. Ke4 (37. Kg5 Nf3+ (37... Kd7 38. Kh6
Ke6 39. Kxh7 c5) 38. Kf4 Nxh2 39. e6 c5 40. Bg5 Kc7 41. Kg3 Nf1+ 42. Kf2 Nd2
43. Bxd2 Kd6) 37... Ne6) 34. Bf6 c5 35. Rd6 Nc7 36. Kf5 Nb5 37. Rd3 Nd4+ 38.
Ke4 Ne6 39. Rh3 Kc7 40. Rxh7+ Kc6 41. h4 (41. Re7 Rxe7 42. Bxe7) 41... c4 42.
h5 (42. Re7 Nc5+ 43. Kf5 Rd8 44. e6 Rd2) 42... Rg8 43. Re7 Nc5+ 44. Kd4 (44.
Kf5 c3 45. e6 c2 46. Bb2 Nd3 47. Ba3 b5 48. Rd7 Rf8+ 49. Kg5 Nc5 50. Rf7 Nxe6+
51. Kf6 Rxf7+ 52. Kxf7) 44... Rg4+ (44... Rg3 45. e6 (45. Kxc4 b5+ 46. Kb4 (46.
Kd4 Rd3#) 46... Na6+ 47. Ka5 Ra3#) 45... c3 46. Re8 b6 47. Rc8+ Kb7 48. e7 c2
49. e8=Q Rd3+ 50. Ke5 Re3+) 45. Kc3 Ne4+ 46. Kc2 Rg2+ 47. Kc1 c3 48. h6 (48.
Re8 Nc5 49. Rd8 Rxa2 50. Rc8+ Kb5 51. e6 Nxe6 52. Bxc3 Rh2) 48... Nc5 0-1

[Event "54th Ilmar Raud Memorial"]
[Site "Viljandi"]
[Date "2020.07.12"]
[Round "9.9"]
[White "Wartiovaara, Oliver"]
[Black "Valner, Uku"]
[Result "1/2-1/2"]
[WhiteElo "2190"]
[BlackElo "2302"]
[PlyCount "197"]
[EventDate "2020.??.??"]

1. e4 e6 2. d4 d5 3. Nc3 Bb4 4. e5 c5 5. a3 Ba5 6. b4 cxd4 7. Qg4 Kf8 8. Nb5
Bc7 9. Qxd4 Ne7 10. Nf3 Nbc6 11. Qc3 Bb8 12. Bd3 a6 13. Nbd4 Nxd4 14. Nxd4 Qc7
15. Qxc7 Bxc7 16. f4 g6 17. Be3 Bd7 18. a4 Nf5 19. Nxf5 gxf5 20. Kd2 Rg8 21. g3
Kg7 22. Bd4 Bd8 23. Rag1 h5 24. h3 Bxa4 25. g4 fxg4 26. hxg4 h4 27. g5 Bb5 28.
Bxb5 axb5 29. Rxh4 Kf8 30. Rh7 Be7 31. c3 Rg7 32. Rh3 Rg8 33. Kd3 Ra3 34. Rhh1
Ke8 35. Rh7 Kf8 36. Rh6 Rg6 37. Rhh1 (37. f5 $3 Rxg5 (37... Bxg5 38. Rh8+ Kg7
39. Rh5) (37... exf5 38. e6 Bxb4 39. Rh8+ Ke7 40. exf7 Kxf7 41. Rh7+ Kf8 42.
Rxb7 Rc6 43. Rh1 Rcxc3+ 44. Bxc3 Bxc3 45. Rhh7) 38. Rh8+ Kg7 39. f6+ Kxh8 40.
fxe7) 37... Ke8 38. Rh8+ Kd7 39. Kc2 Ra2+ 40. Kb3 Re2 41. Rh7 Re4 42. Rf1 Ke8
43. Rh8+ Kd7 44. Rh7 Ke8 45. Bb6 Rc4 46. Ra1 Rxf4 47. Ra7 Kd7 48. Rxb7+ Kc6 49.
Rb8 Rxg5 50. Rhh8 d4 51. Bxd4 Rg3 52. Rhc8+ Kd7 53. Bb6 Rxb4+ 54. Kc2 Rc4 55.
Rxc4 bxc4 56. Rb7+ Kc6 57. Rxe7 Kxb6 58. Rxf7 Re3 59. Rf4 Kc5 60. Rf8 Kd5 61.
Kd2 Rd3+ 62. Kc2 Re3 63. Kd2 Re4 64. Rc8 Kxe5 65. Rc7 Rh4 66. Rc5+ Kd6 67. Rc8
Kd5 68. Rd8+ Ke5 69. Rc8 Kf5 70. Ke3 Ke5 71. Kd2 Rg4 72. Ke3 Kf6 73. Kf3 Rh4
74. Kg3 Re4 75. Kf3 Kf5 76. Rf8+ Ke5 77. Rc8 Rh4 78. Ke3 Rh3+ 79. Kd2 Rd3+ 80.
Kc2 Kd5 81. Rd8+ Ke4 82. Rc8 Ke3 83. Rxc4 e5 84. Rc8 Rd2+ 85. Kc1 e4 86. Re8
Rd7 87. Kc2 Kf3 88. c4 e3 89. Rf8+ Ke2 90. Kc3 Rd3+ 91. Kb4 Kd2 92. c5 e2 93.
Rf2 Rf3 94. Rxe2+ Kxe2 95. c6 Kd3 96. c7 Rf8 97. Kc5 Rc8 98. Kd6 Rxc7 99. Kxc7
1/2-1/2

[Event "54th Ilmar Raud Memorial"]
[Site "Viljandi"]
[Date "2020.07.12"]
[Round "9.10"]
[White "Kanep, Meelis"]
[Black "Haavamäe, Henrik"]
[Result "1-0"]
[WhiteElo "2465"]
[BlackElo "2210"]
[PlyCount "63"]
[EventDate "2020.??.??"]

1. Nf3 Nf6 2. g3 b6 3. Bg2 Bb7 4. d4 c5 5. dxc5 bxc5 6. c4 e6 7. O-O d5 8. cxd5
exd5 9. Ne5 Bd6 10. Qa4+ Nc6 11. Bf4 Qc7 12. Nd3 c4 13. Bxd6 Qxd6 14. Nf4 g5
15. Nh3 Qb4 16. Qd1 g4 17. Nf4 Qxb2 18. Nd2 Qd4 19. e3 Qc5 20. Nxd5 Nxd5 21.
Ne4 Qe7 22. Qxd5 O-O 23. Qf5 f6 24. Nc5 Rac8 25. Nxb7 Qxb7 26. Qxg4+ Kh8 27.
Qxc4 Ne5 28. Bxb7 Rxc4 29. Rfc1 Rb8 30. Rxc4 Nxc4 31. Bd5 Ne5 32. Bb3 1-0

[Event "54th Ilmar Raud Memorial"]
[Site "Viljandi"]
[Date "2020.07.12"]
[Round "9.13"]
[White "Keso, Elias"]
[Black "Pedmanson, Albert"]
[Result "0-1"]
[WhiteElo "2300"]
[BlackElo "1786"]
[PlyCount "66"]
[EventDate "2020.??.??"]

1. e4 e5 2. Nf3 Nc6 3. d4 exd4 4. Nxd4 Bb4+ 5. c3 Be7 6. Nxc6 bxc6 7. Bd3 d6 8.
O-O Nf6 9. h3 O-O 10. Nd2 Nd7 11. Nb3 c5 12. f4 Nb6 13. Na5 f5 14. Qe2 Qe8 15.
exf5 Bxf5 16. Bxf5 Rxf5 17. Re1 Rf7 18. Qe4 Qd7 19. Qc6 Bh4 20. Qxd7 Nxd7 21.
Re3 g5 22. Rf3 Re8 23. g3 Ne5 (23... Re1+ 24. Kg2 gxf4 25. gxh4 Ne5 26. Kf2
Nxf3 27. Kxf3 Rg7) 24. Rf1 gxf4 25. gxh4 f3 26. Bg5 Nd3 27. Rad1 f2+ 28. Kg2
Ne1+ 29. Kh2 Nf3+ 30. Kg3 Re1 31. Bf4 Rxd1 32. Rxd1 Rxf4 33. Kxf4 (33. Rf1 Rf7
34. Rxf2 (34. Nc4 Ne5 35. Nxe5 dxe5 36. Rxf2 Rxf2 37. Kxf2 Kf7 38. Kf3 c4)
34... Ne5) 33... Ne1 0-1

[Event "54th Ilmar Raud Memorial"]
[Site "Viljandi"]
[Date "2020.07.12"]
[Round "9.14"]
[White "Rychagov, Nikita"]
[Black "Vorobjov, Pavel"]
[Result "0-1"]
[WhiteElo "1943"]
[BlackElo "2269"]
[PlyCount "98"]
[EventDate "2020.??.??"]

1. e4 d6 2. d4 Nf6 3. Nc3 g6 4. f4 c6 5. Nf3 Bg7 6. Be3 Qb6 7. Qd2 Qxb2 8. Rb1
Qa3 9. Bd3 d5 10. e5 Ng4 11. Bg1 f6 12. h3 Nh6 13. Bf2 O-O 14. O-O Qa5 15. Rb3
Qc7 16. Qe2 fxe5 17. fxe5 Nd7 18. g4 Nb6 19. Kg2 e6 20. Bg3 Bd7 21. a4 c5 22.
Bb5 cxd4 23. Nxd4 Rxf1 24. Qxf1 Rf8 25. Qe1 Bc8 26. a5 Nc4 27. Bxc4 dxc4 28.
Rb5 Rd8 29. Qe4 Nf7 30. Nf3 b6 31. axb6 axb6 32. Qe3 Bb7 33. Kf2 Bf8 34. Bh4
Rc8 35. Kg3 Bc5 36. Qf4 Bxf3 37. Kxf3 Nxe5+ 38. Ke2 Nc6 39. Qe4 Nd4+ 40. Kd1
Qd7 41. Rxc5 Rxc5 42. Kc1 g5 43. Bf2 e5 44. Qe3 Ne6 45. Qf3 Qf7 46. Qe2 Nd4 47.
Qe1 Qf3 48. Be3 b5 49. Bxg5 Qxc3 0-1

[Event "54th Ilmar Raud Memorial"]
[Site "Viljandi"]
[Date "2020.07.12"]
[Round "9.16"]
[White "Olde, Karl Erik"]
[Black "Sinitsõna, Anastassia"]
[Result "0-1"]
[WhiteElo "1751"]
[BlackElo "2138"]
[PlyCount "94"]
[EventDate "2020.??.??"]

1. d4 Nf6 2. c4 c5 3. d5 b5 4. cxb5 a6 5. e3 g6 6. Nc3 Bg7 7. Nf3 O-O 8. a4 d6
9. e4 axb5 10. Bxb5 Ba6 11. Qe2 Qa5 12. Bd2 Nbd7 13. O-O Rfb8 14. Rfc1 Ne8 15.
Qe3 Bxb5 16. Nxb5 Qb6 17. Bc3 Ndf6 18. h3 Nc7 19. Nxc7 Qxc7 20. Nd2 Qd7 21. a5
Qb5 22. Ra3 Qa6 23. Rb1 Nd7 24. Bxg7 Kxg7 25. Qc3+ Kg8 26. b4 Qe2 27. Qd3 Qxd3
28. Rxd3 cxb4 29. Rdb3 Rxa5 30. Rxb4 Rxb4 31. Rxb4 Ra2 32. Rd4 Nc5 33. f3 Kg7
34. Nf1 Kf6 35. Rd2 Rxd2 36. Nxd2 Ke5 37. Kf2 f5 38. exf5 gxf5 39. g4 f4 40. h4
Kxd5 41. h5 Ke5 42. Nc4+ Kf6 43. Ke2 Ne6 44. Kd3 Ng5 45. Nd2 e5 46. Ke2 d5 47.
Kd3 Nxf3 0-1

[Event "54th Ilmar Raud Memorial"]
[Site "Viljandi"]
[Date "2020.07.12"]
[Round "9.17"]
[White "Tõnso, Liina"]
[Black "Timoshin, Andrei"]
[Result "0-1"]
[WhiteElo "1862"]
[BlackElo "2132"]
[PlyCount "94"]
[EventDate "2020.??.??"]

1. d4 d5 2. c4 e6 3. Nc3 c6 4. cxd5 exd5 5. Nf3 Bd6 6. Bg5 Ne7 7. e3 Bf5 8. Bd3
Bxd3 9. Qxd3 O-O 10. O-O Qd7 11. Ne5 Bxe5 12. dxe5 Ng6 13. Bf4 Qe6 14. Qd4 Nd7
15. Bg3 Ngxe5 16. e4 dxe4 17. Nxe4 f5 18. Ng5 Qe7 19. f4 Ng6 20. b4 Nb6 21.
Rae1 Qf6 22. Qc5 Rfe8 23. Nf3 Rxe1 24. Rxe1 Rd8 25. Qc1 Nd5 26. a3 Qc3 27. Qb1
Rf8 28. Qa2 Kh8 29. b5 a5 30. Qb1 Ngxf4 31. bxc6 bxc6 32. Bxf4 Nxf4 33. a4 Nd3
34. Re2 Nf4 35. Rc2 Qe3+ 36. Kh1 c5 37. Qf1 h6 38. Nh4 Kh7 39. Rf2 g5 40. Nf3
Rd8 41. Rb2 c4 42. Rb7+ Kh8 43. Rb1 Qe2 44. Qg1 Nh3 45. Qf1 Nf4 46. Qg1 c3 47.
Re1 c2 0-1

[Event "54th Ilmar Raud Memorial"]
[Site "Viljandi"]
[Date "2020.07.12"]
[Round "9.18"]
[White "Protassov, Vlad"]
[Black "Narva, Triin"]
[Result "1/2-1/2"]
[WhiteElo "1916"]
[BlackElo "2107"]
[PlyCount "85"]
[EventDate "2020.??.??"]

1. d4 g6 2. c4 Bg7 3. Nf3 Nf6 4. Nc3 d6 5. e4 O-O 6. Be2 Nbd7 7. O-O e5 8. d5
a5 9. Bg5 h6 10. Be3 Ng4 11. Bd2 Nc5 12. Ne1 Nf6 13. Qc2 Kh7 14. Bf3 g5 15. g3
Bh3 16. Bg2 Qd7 17. f3 Nh5 18. b3 Kh8 19. Rb1 Rg8 20. Nd1 b6 21. Ne3 Bf6 22.
Ng4 Bxg2 23. Nxg2 Rg6 24. N2e3 Ng7 25. Nf5 Kh7 26. Kf2 Rg8 27. Rh1 Bd8 28. h4
gxh4 29. Ngxh6 Nxf5 30. Nxf5 Bf6 31. Nxh4 Bxh4 32. Rxh4+ Kg7 33. Rbh1 Kf8 34.
g4 Qe7 35. Be3 Nd7 36. Rh8 Rxg4 37. Rxg8+ Rxg8 38. Qd1 Qf6 39. Qf1 Qg6 40. Qh3
Ke8 41. a3 Kd8 42. b4 a4 43. Rc1 1/2-1/2

[Event "54th Ilmar Raud Memorial"]
[Site "Viljandi"]
[Date "2020.07.12"]
[Round "9.20"]
[White "Tolmacevs, Artjoms"]
[Black "Tsõganova, Monika"]
[Result "0-1"]
[WhiteElo "1644"]
[BlackElo "2029"]
[PlyCount "74"]
[EventDate "2020.??.??"]

1. e4 c5 2. Nf3 d6 3. d4 cxd4 4. Nxd4 Nf6 5. Nc3 a6 6. Be3 e5 7. Nb3 Be6 8. f3
Nbd7 9. Qd2 b5 10. O-O-O Nb6 11. g4 Be7 12. g5 Nh5 13. Nd5 Nxd5 14. exd5 Bd7
15. h4 O-O 16. Be2 a5 17. f4 a4 18. Na1 Nxf4 19. Bxf4 exf4 20. Qxf4 f6 21. g6
hxg6 22. Bd3 f5 23. Rdg1 a3 24. b4 Bf6 25. h5 g5 26. Qxd6 Bxa1 27. h6 Rf6 28.
Qg3 Rxh6 29. Rxh6 gxh6 30. Qh3 Bg7 31. Bxf5 Qf6 32. Bxd7 Qa1+ 33. Kd2 Qxg1 34.
Qe6+ Kh8 35. Qg6 Rf8 36. Bf5 Qf2+ 37. Kc1 Qxf5 0-1

[Event "54th Ilmar Raud Memorial"]
[Site "Viljandi"]
[Date "2020.07.12"]
[Round "9.21"]
[White "Sirp, Karl Aleksander"]
[Black "Vingris, Mikelis"]
[Result "1-0"]
[WhiteElo "1924"]
[BlackElo "1641"]
[PlyCount "81"]
[EventDate "2020.??.??"]

1. d4 Nf6 2. Nf3 c5 3. c3 d5 4. Bf4 Nc6 5. e3 Qb6 6. Qb3 c4 7. Qxb6 axb6 8.
Nbd2 b5 9. Be2 Bf5 10. Nh4 g6 11. Nxf5 gxf5 12. h3 e6 13. g4 fxg4 14. hxg4 b4
15. g5 Nd7 16. Kd1 b3 17. a3 b5 18. Rb1 Nb6 19. Bc7 (19. e4 Na4 20. Rh3 (20.
Nxb3 Bxa3 21. exd5 exd5 22. Kc2)) 19... Na4 20. Nxb3 cxb3 (20... Bxa3) 21. Bxb5
Kd7 22. Be5 Rg8 23. Rxh7 Rxg5 24. Rxf7+ Ke8 25. Rc7 Rg1+ 26. Ke2 Rxb1 27. Bxc6+
Kd8 28. Rd7+ Kc8 29. Rf7 (29. Rh7) 29... Rxb2+ 30. Kf3 Bxa3 31. Rg7 Kd8 32.
Rg8+ Ke7 33. Rxa8 Rxf2+ 34. Kxf2 b2 35. Re8+ Kf7 36. Rb8 Nxc3 37. Be8+ Ke7 38.
Bg6 Bd6 39. Rb7+ Kd8 40. Bxd6 Kc8 41. Rc7+ 1-0

[Event "54th Ilmar Raud Memorial"]
[Site "Viljandi"]
[Date "2020.07.12"]
[Round "9.22"]
[White "Tomson, Mikk"]
[Black "Jazdanovs, Aleksandrs"]
[Result "0-1"]
[WhiteElo "1390"]
[BlackElo "2183"]
[PlyCount "22"]
[EventDate "2020.??.??"]

1. e4 c5 2. c3 d6 3. d4 Nf6 4. dxc5 dxc5 5. Qxd8+ Kxd8 6. Bc4 Nc6 7. Bxf7 Ne5
8. Bd5 Nd3+ 9. Ke2 Nxc1+ 10. Kd2 e6 11. e5 (11. Bc4 Nxe4+) 11... Nxd5 0-1

[Event "54th Ilmar Raud Memorial"]
[Site "Viljandi"]
[Date "2020.07.12"]
[Round "9.23"]
[White "Olde, Grete"]
[Black "Blohhin, Sofia"]
[Result "0-1"]
[WhiteElo "2046"]
[BlackElo "1786"]
[PlyCount "112"]
[EventDate "2020.??.??"]

1. e4 c5 2. c3 e6 3. d4 d5 4. exd5 exd5 5. Nf3 Nf6 6. Bg5 Nc6 7. Bb5 Be7 8.
dxc5 Bxc5 9. O-O O-O (9... Be6 10. Nd4 (10. Nbd2 h6 (10... O-O 11. Nb3 Bb6 12.
Nfd4 Nxd4 13. Nxd4 h6 14. Bh4 g5 15. Bg3 Ne4 16. Be5 Qe7 17. Qh5 Bg4 18. Qxg4
Qxe5 19. Qh5 Bxd4 20. cxd4 Qxd4 21. Qxh6 Qxb2 22. Rab1 Qh8 23. Qxh8+ Kxh8 24.
Rfc1 Rac8 25. Bd7 Rxc1+ 26. Rxc1 d4 27. Rc7 d3 28. Kf1 Rd8 29. Ke1 Kg7 30. f3
Nf6 31. Bb5 d2+ 32. Kd1 Nd5 33. Rd7 Rxd7 34. Bxd7 Ne3+ 35. Kxd2 Nxg2 36. Bc8 b6
37. Kd3 Kf6 38. Ke4 Ke7 39. Ba6 f6 40. Bf1 Nf4 41. h4 Nh5 42. hxg5 Ng3+ 43. Kd5
Nxf1 44. gxf6+ Kxf6 45. Kc6 Ke6 46. Kb7 Kd5 47. Kxa7 b5 48. Ka6 Kc5 49. a3 Ne3
50. f4 Nf5 51. Ka5 Kc4 52. Ka6 Ne7 53. Ka5 Nc6+ 54. Ka6 Nd4 55. Kb6 Nc2 56. f5
Ne3 57. a4 Nd5+ {0-1 (57) Fedorovsky,M (2425)-Geller,J (2510) Pardubice 2008})
11. Bh4 Bb6 12. Nb3 g5 13. Bg3 Ne4 14. Be5 O-O 15. Bxc6 bxc6 16. Nfd4 Bd7 17.
f3 f6 18. Bf4 Nxc3 19. Qc2 Ne2+ 20. Qxe2 gxf4 21. Qc2 f5 22. Nc5 Qe7 23. Rac1
Rab8 24. b3 Rf6 25. Rfe1 Qd6 26. Kh1 Re8 27. Rxe8+ Bxe8 28. b4 Qe5 29. Qc3 Qe3
30. Qa1 Bxc5 31. bxc5 Bd7 32. Re1 Qd3 33. h3 Rf7 34. Qb2 Kh7 35. Qf2 Qc3 36.
Ne2 Qe3 37. Qxe3 fxe3 38. g3 f4 39. Nxf4 d4 40. Kg2 Bc8 41. Nd3 Ba6 42. Nb4 d3
43. Nxd3 Bxd3 44. Rxe3 Bc4 45. a3 Bd5 46. g4 Rf4 47. Kg3 Rc4 48. f4 Rxc5 49.
Re7+ Kg6 50. Rxa7 Rc3+ 51. Kh2 Rf3 52. Ra4 Kf6 53. h4 Kg6 54. f5+ Kf6 55. Ra8
Ke5 56. Ra7 Rf1 {0-1 (56) Strikovic,A (2495)-Velimirovic,D (2520) Banja
Vrucica 1991}) 10... Rc8 11. Re1 O-O 12. Nb3 Bxf2+ 13. Kxf2 Qb6+ 14. Nd4 Nxd4
15. Qxd4 Ng4+ 16. Kg1 Qxb5 17. b3 h6 18. Bh4 g5 19. Bg3 Qb6 20. Qxb6 axb6 21.
h3 Nf6 22. Be5 Ne4 23. Re3 f5 24. Na3 f4 25. Rd3 Nc5 26. Rf3 Ra8 27. Nb5 Nxb3
28. Rd1 Rxa2 29. Nc7 Bf7 30. Rfd3 Bh5 31. Re1 f3 32. gxf3 Bxf3 33. Rde3 Be4 34.
R3e2 Nd2 35. Ne6 Nf3+ 36. Kf2 Nxe5+ 37. Nxf8 Nd3+ {0-1 (37) Karimov,H (2131)
-Miezis,N (2525) Dubai 1999}) 10. Bxf6 gxf6 (10... Qxf6 11. Qxd5 Bb6 12. Nbd2
Rd8 13. Qe4) 11. Nbd2 Kh8 12. Nh4 Ne5 13. Kh1 Rg8 (13... Ng4 14. Qe2 Qb6 15.
Kg1 a6 16. Bd3 Qxb2 17. Rab1 Qxc3 18. Ndf3 Ba7) 14. Nb3 Bb6 15. h3 a6 16. Be2
Qd7 17. Bf3 Nxf3 18. Qxf3 Qd6 19. Nf5 Bxf5 20. Qxf5 Rg5 21. Qf3 Rag8 22. Rad1 (
22. g3) 22... Bc7 23. g3 Qe6 24. Kh2 (24. Kg2 Bxg3 25. fxg3 Rxg3+ 26. Qxg3 Qe2+
27. Rf2 Rxg3+ 28. Kxg3 Qxd1) 24... Rxg3 25. fxg3 Rxg3 26. Qxg3 Qe2+ 27. Kg1
Bxg3 28. Rd2 Bh2+ 29. Kh1 Qxf1+ 30. Kxh2 f5 31. Rg2 Qf4+ 32. Rg3 h5 33. Kg2
Qe4+ 34. Rf3 Kg7 35. Nd4 f4 36. a4 Qb1 37. Rf2 Qg6+ 38. Kf1 Qd3+ 39. Kg2 Qg3+
40. Kf1 Qxh3+ 41. Kg1 h4 42. Rf3 Qg4+ 43. Kh2 Kf6 44. Rh3 Qd1 45. b4 Qd2+ 46.
Kg1 Qd1+ 47. Kg2 Qxa4 48. Rxh4 Ke5 49. Rh3 Ke4 50. Kf2 Qa2+ 51. Ne2 Qd2 52. Rf3
b6 53. Rh3 a5 54. bxa5 bxa5 55. Rh1 Qe3+ 56. Kf1 Qf3+ 0-1

[Event "54th Ilmar Raud Memorial"]
[Site "Viljandi"]
[Date "2020.07.12"]
[Round "9.24"]
[White "Bondarenko, Dmitri"]
[Black "Krivenko, Dion"]
[Result "1-0"]
[WhiteElo "1944"]
[BlackElo "2046"]
[PlyCount "61"]
[EventDate "2020.??.??"]

1. d4 Nf6 2. Bg5 Ne4 3. Bc1 Nf6 4. Nf3 g6 5. Bg5 Bg7 6. e3 O-O 7. Bxf6 Bxf6 8.
Bd3 c5 9. c3 d5 10. Nbd2 cxd4 11. exd4 Nc6 12. O-O Re8 13. Re1 Bg4 14. h3 Bxf3
15. Nxf3 Qd6 16. Qd2 a6 17. Re2 e6 18. Rae1 b5 19. a3 Na5 20. Qc2 Rec8 21. h4
Re8 22. h5 Kg7 23. g3 Rac8 24. Kg2 Nc6 25. Qd2 e5 26. dxe5 Bxe5 27. Rh1 Bf6 28.
hxg6 hxg6 29. Qh6+ Kg8 30. Bxg6 Qd7 31. Bh7+ 1-0

[Event "54th Ilmar Raud Memorial"]
[Site "Viljandi"]
[Date "2020.07.12"]
[Round "9.25"]
[White "Uibokant, Karl Oskar"]
[Black "Ivanova, Lidia"]
[Result "1-0"]
[WhiteElo "1622"]
[BlackElo "1430"]
[PlyCount "43"]
[EventDate "2020.??.??"]

1. e4 c6 2. Nf3 d5 3. exd5 cxd5 4. d4 Nf6 5. c4 g6 6. Nc3 Bg7 7. Bg5 Nbd7 8.
cxd5 O-O 9. Bc4 Nb6 10. Bb3 Nfxd5 11. O-O Re8 12. Re1 Nf6 13. Ne5 Nbd5 (13...
e6 14. Ng4 h5 15. Ne5) 14. Nxd5 Nxd5 15. Nxf7 Kxf7 16. Qf3+ Kg8 (16... Bf6 17.
Bxf6 exf6 18. Bxd5+ Kg7 19. Rxe8 Qxe8 20. Rc1) 17. Bxd5+ Kh8 18. Bf7 h6 19.
Bxe8 hxg5 20. Bxg6 g4 21. Qf7 e6 22. Re5 1-0